Normal view
MARC view
- Syed Said Badshah Bukhari, Ali Haider, Muhammad Tahir Laeeq
Entry Personal Name
001 - CONTROL NUMBER
- control field: 134136
003 - CONTROL NUMBER IDENTIFIER
- control field: NUST
005 - DATE AND TIME OF LATEST TRANSACTION
- control field: 20260415122859.0
008 - FIXED-LENGTH DATA ELEMENTS
- fixed length control field: 260415|| aca||aabn | a|a d
040 ## - CATALOGING SOURCE
- Original cataloging agency: NUST
- Transcribing agency: NUST
100 ## - HEADING--PERSONAL NAME
- Personal name: Syed Said Badshah Bukhari, Ali Haider, Muhammad Tahir Laeeq
670 ## - SOURCE DATA FOUND
- Source citation: Work cat.: (NUST): Syed Said Badshah Bukhari, Ali Haider, Muhammad Tahir Laeeq., Land Cover Atlas of Pakistan /, 2012.
